00830nac a22002417a 4500001001000000003000900010005001700019008003400036040005400070072000800124100002200132100001800154100002000172100002100192110007600213245009600289260003400385300000900419490010900428650001600537650002100553650001400574BR9301879BR-BrBNA20240105121454.0230509b bl.|||m| |||| 00| 0 por d aBR-BrBNAbporcBiblioteca Nacional de Agricultura aH201 aJunqueira, N.T.V.1 aPereira, A.V.1 aPereira, E.B.C.1 aCarbajal, A.C.R.1 aCentro Nacional de Pesquisa de Seringueira e Dende, Manaus, AM (Brasil)1 aEficiencia de fungicidas no controle de doencas foliares de seringais adultos e em formacao3 aManaus, AM (Brasil): c1987.  a6 p. aComunicado Tecnico - Centro Nacional de Pesquisa de Seringueira e Dende (Brazil)vno. 57xISSN 0101-2118 aSeringueira aDoenca de Planta aFungicida